Statistics for Winter Asian Games Host Cities Quiz

Click here to take the quiz!

General Stats

  • This quiz has been taken 33 times
  • The average score is 4 of 8

Answer Stats

YearHost CityHost Nation% Correct
2011Astana-AlmatyKazahstan
91%
2017SapporoJapan
87%
1990SapporoJapan
87%
1986SapporoJapan
87%
1996HarbinChina
48%
2007ChangchunChina
13%
2003AomoriJapan
9%
1999GangwonSouth Korea
4%

Score Distribution

Percentile by Number Answered

Percent of People with Each Score

Your Score History

You have not taken this quiz